Signposts to God : (Record no. 10166)

MARC details
000 -LEADER
fixed length control field 03116cam a2200373 i 4500
001 - CONTROL NUMBER
control field 948561917
003 - CONTROL NUMBER IDENTIFIER
control field OCoLC
005 - DATE AND TIME OF LATEST TRANSACTION
control field 20241126110726.0
008 - FIXED-LENGTH DATA ELEMENTS--GENERAL INFORMATION
fixed length control field 160827s2016 ilu b 001 0 eng
010 ## -
-- 2016039595
020 ## - INTERNATIONAL STANDARD BOOK NUMBER
International Standard Book Number 9780830851492
Qualifying information (pbk. ;
-- alk. paper)
020 ## - INTERNATIONAL STANDARD BOOK NUMBER
International Standard Book Number 0830851496
Qualifying information (pbk. ;
-- alk. paper)
035 ## - SYSTEM CONTROL NUMBER
System control number (OCoLC)948561917
Canceled/invalid control number (OCoLC)948547897
040 ## - CATALOGING SOURCE
Original cataloging agency DLC
Language of cataloging eng
Description conventions rda
Transcribing agency DLC
Modifying agency BTCTA
-- BDX
-- YDXCP
-- OCLCF
-- SPB
-- GGB
-- IGA
-- OCLCO
-- OCLCQ
042 ## -
-- pcc
050 00 -
-- BL265.P4
-- B87 2016
082 00 - DEWEY DECIMAL CLASSIFICATION NUMBER
Classification number 261.55
Edition information 23
Item number BUS
092 ## - LOCALLY ASSIGNED DEWEY CALL NUMBER (OCLC)
Classification number 261.55
Item number B96s
100 1# - MAIN ENTRY--PERSONAL NAME
Personal name Bussey, Peter,
Dates associated with a name 1945-
Authority record control number or standard number https://id.loc.gov/authorities/names/n2016046769
Relator term author.
9 (RLIN) 17643
245 10 - TITLE STATEMENT
Title Signposts to God :
Remainder of title how modern physics & astronomy point the way to belief /
Statement of responsibility, etc. Peter Bussey.
264 #1 - PRODUCTION, PUBLICATION, DISTRIBUTION, MANUFACTURE, AND COPYRIGHT NOTICE
Place of production, publication, distribution, manufacture Downers Grove :
Name of producer, publisher, distributor, manufacturer InterVarsity Press,
Date of production, publication, distribution, manufacture, or copyright notice [2016]
300 ## - PHYSICAL DESCRIPTION
Extent 222 pages ;
Dimensions 22 cm
336 ## - CONTENT TYPE
Content type term text
Content type code txt
Source rdacontent
337 ## - MEDIA TYPE
Media type term unmediated
Media type code n
Source rdamedia
338 ## - CARRIER TYPE
Carrier type term volume
Carrier type code nc
Source rdacarrier
504 ## - BIBLIOGRAPHY, ETC. NOTE
Bibliography, etc. note Includes bibliographical references and index.
505 0# - FORMATTED CONTENTS NOTE
Formatted contents note The world of physics: a quick tour -- Revolutions in physics -- Laws of nature and of physics -- Dangerous infinities? -- Modern astronomy: where has God gone? -- The human-friendly universe -- Implications of a universe fine-tuned for us -- God as first cause: an argument that seems to hold -- Explanations and evidence -- Mental reality -- Mystery and ignorance -- Beyond physicalism.
520 ## - SUMMARY, ETC.
Summary, etc. "The heavens declare the glory of God" (Ps 19:1). Can we still sing the words of the Psalmist in an age where scientists talk about an expanding cosmos, the Higgs boson, and the multiverse? In Signposts to God particle physicist Peter Bussey introduces readers to the mysteries of modern physics and astronomy. Written in clear, accessible prose, Bussey provides a primer on topics such as the laws of nature, quantum physics, fine-tuning, and current cosmological models. He shows that despite the remarkable achievements of science, the latest research in these fields does not lead to simple physicalism in which physical processes are able to explain everything that exists. Bussey argues that, far from ruling out a divine Creator, modern physics and astronomy present us with compelling signposts to God. The more we know about the cosmos and our presence in it, the more plausible belief in God becomes. We can be intellectually satisfied in both science and the Christian faith. Written by someone who has worked for years in scientific research, Signposts to God is a timely and winsome response to a cultural stalemate. - back of book.
650 #0 - SUBJECT ADDED ENTRY--TOPICAL TERM
Topical term or geographic name entry element Physics
General subdivision Religious aspects
-- Christianity.
Authority record control number or standard number https://id.loc.gov/authorities/subjects/sh2010106355
9 (RLIN) 17644
650 #0 - SUBJECT ADDED ENTRY--TOPICAL TERM
Topical term or geographic name entry element Astronomy
General subdivision Religious aspects
-- Christianity.
Authority record control number or standard number https://id.loc.gov/authorities/subjects/sh2019001278
9 (RLIN) 17645
650 #0 - SUBJECT ADDED ENTRY--TOPICAL TERM
Topical term or geographic name entry element God
General subdivision Proof.
Authority record control number or standard number https://id.loc.gov/authorities/subjects/sh85055549
9 (RLIN) 6063
776 08 - ADDITIONAL PHYSICAL FORM ENTRY
Relationship information Online version:
Main entry heading Bussey, Peter, 1945-
Title Signposts to God.
Place, publisher, and date of publication Downers Grove : InterVarsity Press, 2016
International Standard Book Number 9780830873074
Record control number (DLC) 2016042374.
942 ## - ADDED ENTRY ELEMENTS (KOHA)
Source of classification or shelving scheme Dewey Decimal Classification
Koha item type Books
Holdings
Withdrawn status Lost status Source of classification or shelving scheme Damaged status Not for loan Home library Current Library Shelving location Date acquired Total checkouts Full call number Barcode Date last seen Copy number Price effective from Koha item type
    Dewey Decimal Classification     GRACE BIBLE COLLEGE GRACE BIBLE COLLEGE Ministry & Mission 2024-04-10   261.55 BUS 016712 2025-05-01 c.1 2024-04-10 Books
© Grace Bible College Library 2025